1495 1280 1009 1534 1740 1478 1679 1994 1757 1488 1384 1247 1264 1276 1220 1720 1859 1002 1051 1825 1687 1442 1120 1162 1365 1534 1001 1788 1337 1594 1889 1274 1314 1615 1814 1156 1743 1867 1034 1740 1679 1149 1055 1946 1001 1952 1854 1636 1502 1533 1691 1816 1287 1296 1711 1723 1311 1069 1810 1760 1554 1701 1937 1575 1588 1753 1797 1712 1250 1406 1045 1350 1001 1723 1434 1621 1194 1395 1658 1569 1077 1524 1891 1958 1243 1102 1493 1645 1872 1304 1852 1294 1247 1177 1660 1151 1068 1611 1912 BCNSPRNW ULIB Ver.6.0+V

เปลี่ยนเป็นภาษาไทย

Change to English
 แสดงรายละเอียดบรรณานุกรม
  กลับหน้าหลัก

Brief Record : Get Marc (ISO 2709) : E-mail record : QR code < ปิดหน้าต่าง
LEADER : 00000nam 2200000uu 4500
001    13399121795
003     ULIB
008    121207s2550||||th 000 0 tha d
090    นว.^bล472n
245 00 สิ้นเสียงปักษา
260    ^c2550
945    ^p0^l0^i021000
999    ^aใช้งานได้ทุกระบบ
รายการนี้ยังไม่มีแท็ก
คุณยังไม่ได้ล็อกอิน คุณสามารถมีกิจกรรมร่วมกับเว็บไซต์ได้ แต่ต้องล็อกอินก่อน ::
  ล็อกอิน

รายการสื่อสารสนเทศ

ลำดับที่ ประเภท เลขเรียก/บาร์โค้ด สถานที่ สถานะ
1. นวนิยาย
นวนิยาย
นว. ล472n  
  Barcode: 021000
ห้องสมุดวิทยาเขตสวรรค์ประชารักษ์
►นวนิยาย
บนชั้น
  ขอยืม

BibComment


ยังไม่เคยถูกคอมเมนท์

คอมเมนท์ทรัพยากรรายการนี้
  คอมเมนท์: สิ้นเสียงปักษา


 Copyright 2026. Bcnsprnw @Library